| 000 | 00548nam a2200217 a 4500 | ||
|---|---|---|---|
| 999 |
_c6128 _d6128 |
||
| 001 | 6128 | ||
| 003 | BD-JhCC | ||
| 005 | 20180102104444.0 | ||
| 008 | 180102s1977 ii |||| || | 000 0 eng d | ||
| 035 | _a(BD-JhCC)6128 | ||
| 040 |
_aBD-JhCC _dBD-JhCC |
||
| 041 | _aeng | ||
| 082 |
_a649 _bRAO 1977 |
||
| 100 | _aRao, P. Tirumala | ||
| 245 |
_aEncylopaedia of Child Care / _c P. Tirumala Rao, |
||
| 260 |
_aNew Delhi : _bOrient Paperbacks, _c1977. |
||
| 300 |
_a282 p. : _c20 cm. |
||
| 650 | _aChild Reading | ||
| 942 |
_2ddc _cBK |
||